[Event "Kupreichik Memorial Open 2018"]
[Site "Minsk"]
[Date "2018.06.21"]
[Round "3"]
[White "Terletsky, Oleg"]
[Black "Badelka, Olga"]
[Result "0-1"]
[WhiteElo "2268"]
[BlackElo "2153"]
[Annotator "NA"]
[PlyCount "112"]
[EventDate "2018.06.21"]
[EventCountry "BLR"]
[SourceTitle "playchess.com"]
[Source "ChessBase"]
[SourceQuality "1"]
[TimeControl "900+10"]

1. e4 {[%emt 0:00:00]} c5 {[%emt 0:00:01]} 2. Nf3 {[%emt 0:00:00]} Nc6 {[%emt 0:00:00]} 3. Nc3 {[%emt 0:00:00]} e5 {[%emt 0:00:06]} 4. Bc4 {[%emt 0:00:00]} Be7 {[%emt 0:00:02]} 5. d3 {[%emt 0:00:00]} d6 {[%emt 0:00:06]} 6. Nd2 {[%emt 0:00:11]} Nf6 {[%emt 0:00:03]} 7. Nf1 {[%emt 0:00:03]} Bg4 {[%emt 0:00:04]} 8. f3 {[%emt 0:00:07]} Be6 {[%emt 0:00:04]} 9. Ne3 {[%emt 0:01:35]} O-O {[%emt 0:00:02]} 10. O-O {[%emt 0:00:06]} Nh5 {[%emt 0:00:19]} 11. Nf5 {[%emt 0:00:32]} Bxf5 {[%emt 0:01:30]} 12. exf5 {[%emt 0:00:03]} Bg5 {[%emt 0:00:15]} 13. Nd5 {[%emt 0:00:36]} Bxc1 {[%emt 0:00:11]} 14. Rxc1 {[%emt 0:00:03]} Nf4 {[%emt 0:02:14]} 15. Qd2 {[%emt 0:01:09]} Qg5 {[%emt 0:00:31]} 16. Nxf4 {[%emt 0:01:20]} exf4 {[%emt 0:00:03]} 17. g4 {[%emt 0:00:11]} Nd4 {[%emt 0:00:53]} 18. Qg2 {[%emt 0:03:06]} Rae8 {[%emt 0:00:38]} 19. Rce1 {[%emt 0:00:02]} Re3 {[%emt 0:00:19]} 20. Rxe3 {[%emt 0:00:29]} fxe3 {[%emt 0:00:00]} 21. c3 {[%emt 0:02:07]} e2 {[%emt 0:00:10]} 22. Re1 {[%emt 0:01:36]} Qh4 {[%emt 0:03:11]} 23. Rxe2 {[%emt 0:00:02]} Nxe2+ {[%emt 0:00:01]} 24. Qxe2 {[%emt 0:00:02]} Qd8 {[%emt 0:00:10]} 25. Qe4 {[%emt 0:00:11]} Qd7 {[%emt 0:01:10]} 26. Bd5 {[%emt 0:02:07]} Re8 {[%emt 0:00:08]} 27. Qf4 {[%emt 0:00:02]} Re1+ {[%emt 0:01:18]} 28. Kg2 {[%emt 0:00:25]} Qe7 {[%emt 0:01:37]} 29. d4 {[%emt 0:00:46]} Re2+ {[%emt 0:02:14]} 30. Kh3 {[%emt 0:00:16]} cxd4 {[%emt 0:00:50]} 31. cxd4 {[%emt 0:00:05]} Rxb2 {[%emt 0:00:27]} 32. g5 {[%emt 0:00:11]} Qe2 {[%emt 0:00:45]} 33. Qg3 {[%emt 0:00:03]} Qf1+ {[%emt 0:00:13]} 34. Kh4 {[%emt 0:00:02]} Qg2 {[%emt 0:00:55]} 35. Qxd6 {[%emt 0:01:10]} Qxh2+ {[%emt 0:00:02]} 36. Qxh2 {[%emt 0:00:02]} Rxh2+ {[%emt 0:00:01]} 37. Kg3 {[%emt 0:00:03]} Rd2 {[%emt 0:00:13]} 38. g6 {[%emt 0:00:35]} hxg6 {[%emt 0:00:01]} 39. fxg6 {[%emt 0:00:02]} Rxd4 {[%emt 0:00:02]} 40. gxf7+ {[%emt 0:00:40]} Kf8 {[%emt 0:00:01]} 41. Bxb7 {[%emt 0:00:02]} Kxf7 {[%emt 0:00:06]} 42. Be4 {[%emt 0:00:03]} Kf6 {[%emt 0:00:10]} 43. Bc2 {[%emt 0:00:07]} a5 {[%emt 0:00:13]} 44. Bb3 {[%emt 0:00:18]} a4 {[%emt 0:00:15]} 45. Bg8 {[%emt 0:00:03]} g5 {[%emt 0:00:45]} 46. Kf2 {[%emt 0:00:10]} Ke5 {[%emt 0:00:10]} 47. Ke3 {[%emt 0:00:01]} Rh4 {[%emt 0:00:09]} 48. Bf7 {[%emt 0:00:17]} Kd6 {[%emt 0:00:09]} 49. Be8 {[%emt 0:00:33]} Kc5 {[%emt 0:00:02]} 50. Bf7 {[%emt 0:00:17]} Kb4 {[%emt 0:00:08]} 51. Be6 {[%emt 0:00:27]} Ka3 {[%emt 0:00:07]} 52. Bd5 {[%emt 0:00:21]} Rb4 {[%emt 0:00:20]} 53. Kf2 {[%emt 0:00:45]} Rb2+ {[%emt 0:00:20]} 54. Kg3 {[%emt 0:00:03]} Rxa2 {[%emt 0:00:06]} 55. Kg4 {[%emt 0:00:23]} Rg2+ {[%emt 0:00:04]} 56. Kf5 {[%emt 0:00:01]} Rg1 {[%emt 0:00:06]} 0-1

[Event "Kupreichik Memorial Open 2018"]
[Site "Minsk"]
[Date "2018.06.21"]
[Round "3"]
[White "Ten, Alexander"]
[Black "Naumovich, Yaroslav"]
[Result "1/2-1/2"]
[WhiteElo "2265"]
[BlackElo "1959"]
[Annotator "NA"]
[PlyCount "104"]
[EventDate "2018.06.21"]
[EventCountry "BLR"]
[SourceTitle "playchess.com"]
[Source "ChessBase"]
[SourceQuality "1"]
[TimeControl "900+10"]

1. e4 {[%emt 0:00:00]} c6 {[%emt 0:00:01]} 2. d4 {[%emt 0:00:00]} d5 {[%emt 0:00:01]} 3. Nc3 {[%emt 0:00:00]} dxe4 {[%emt 0:00:01]} 4. Nxe4 {[%emt 0:00:00]} Nf6 {[%emt 0:00:01]} 5. Nxf6+ {[%emt 0:00:10]} exf6 {[%emt 0:00:01]} 6. Nf3 {[%emt 0:00:02]} Bd6 {[%emt 0:00:01]} 7. Bd3 {[%emt 0:00:17]} O-O {[%emt 0:00:02]} 8. O-O {[%emt 0:00:02]} Bg4 {[%emt 0:00:02]} 9. h3 {[%emt 0:00:25]} Bh5 {[%emt 0:00:01]} 10. Be4 {[%emt 0:00:43]} Nd7 {[%emt 0:00:05]} 11. Qd3 {[%emt 0:00:06]} Bg6 {[%emt 0:00:05]} 12. Bxg6 {[%emt 0:00:10]} hxg6 {[%emt 0:00:01]} 13. Bd2 {[%emt 0:01:13]} Qc7 {[%emt 0:00:02]} 14. b4 {[%emt 0:00:39]} Rfe8 {[%emt 0:00:07]} 15. c4 {[%emt 0:00:18]} Bf4 {[%emt 0:00:04]} 16. Rfd1 {[%emt 0:02:06]} Nb6 {[%emt 0:00:15]} 17. Rac1 {[%emt 0:02:07]} Rad8 {[%emt 0:00:08]} 18. Rc2 {[%emt 0:00:43]} Bxd2 {[%emt 0:00:12]} 19. Rcxd2 {[%emt 0:00:05]} Qe7 {[%emt 0:00:39]} 20. Qb3 {[%emt 0:00:28]} Qe4 {[%emt 0:00:47]} 21. a4 {[%emt 0:00:10]} Nc8 {[%emt 0:01:36]} 22. d5 {[%emt 0:00:35]} cxd5 {[%emt 0:00:03]} 23. Rxd5 {[%emt 0:01:12]} Rxd5 {[%emt 0:00:08]} 24. Rxd5 {[%emt 0:00:07]} Nb6 {[%emt 0:00:24]} 25. Rd4 {[%emt 0:00:04]} Qc6 {[%emt 0:00:20]} 26. a5 {[%emt 0:00:26]} Nd7 {[%emt 0:00:47]} 27. Qd3 {[%emt 0:00:27]} Ne5 {[%emt 0:00:07]} 28. Nxe5 {[%emt 0:00:03]} fxe5 {[%emt 0:00:11]} 29. Rd6 {[%emt 0:00:09]} Qa4 {[%emt 0:00:02]} 30. Qd5 {[%emt 0:00:29]} Qxb4 {[%emt 0:00:43]} 31. Rd7 {[%emt 0:00:01]} Qe1+ {[%emt 0:00:02]} 32. Kh2 {[%emt 0:00:06]} Qxf2 {[%emt 0:00:04]} 33. Rxb7 {[%emt 0:00:08]} e4 {[%emt 0:00:34]} 34. Qd7 {[%emt 0:00:30]} Rf8 {[%emt 0:02:27]} 35. Qe7 {[%emt 0:00:49]} Qf4+ {[%emt 0:00:45]} 36. Kh1 {[%emt 0:00:03]} e3 {[%emt 0:00:04]} 37. Rb3 {[%emt 0:00:08]} Qf1+ {[%emt 0:01:09]} 38. Kh2 {[%emt 0:00:00]} e2 {[%emt 0:01:31]} 39. Re3 {[%emt 0:00:02]} Qf4+ {[%emt 0:00:15]} 40. Kh1 {[%emt 0:00:03]} Rb8 {[%emt 0:00:42]} 41. Rxe2 {[%emt 0:00:17]} Rb1+ {[%emt 0:00:01]} 42. Re1 {[%emt 0:00:02]} Rxe1+ {[%emt 0:00:01]} 43. Qxe1 {[%emt 0:00:01]} Qxc4 {[%emt 0:00:04]} 44. Qe7 {[%emt 0:00:49]} a6 {[%emt 0:00:53]} 45. Qe5 {[%emt 0:00:41]} f6 {[%emt 0:00:20]} 46. Qd6 {[%emt 0:00:28]} g5 {[%emt 0:01:11]} 47. Qd8+ {[%emt 0:00:16]} Kf7 {[%emt 0:00:34]} 48. Qd7+ {[%emt 0:00:03]} Kg6 {[%emt 0:00:01]} 49. Qe8+ {[%emt 0:00:30]} Kf5 {[%emt 0:01:22]} 50. Qd7+ {[%emt 0:00:04]} Kg6 {[%emt 0:00:18]} 51. Qe8+ {[%emt 0:00:01]} Kf5 {[%emt 0:01:26]} 52. Qd7+ {[%emt 0:00:01]} Ke5 1/2-1/2

[Event "Kupreichik Memorial Open 2018"]
[Site "Minsk"]
[Date "2018.06.21"]
[Round "3"]
[White "Rakhmangulova, Anastasiya"]
[Black "Tkachou, Viktar"]
[Result "1-0"]
[WhiteElo "2244"]
[BlackElo "1791"]
[Annotator "NA"]
[PlyCount "77"]
[EventDate "2018.06.21"]
[EventCountry "BLR"]
[SourceTitle "playchess.com"]
[Source "ChessBase"]
[SourceQuality "1"]
[TimeControl "900+10"]

1. e4 {[%emt 0:00:00]} c5 {[%emt 0:00:03]} 2. Nf3 {[%emt 0:00:00]} e6 {[%emt 0:00:01]} 3. d4 {[%emt 0:00:00]} cxd4 {[%emt 0:00:02]} 4. Nxd4 {[%emt 0:00:00]} a6 {[%emt 0:00:03]} 5. Bd3 {[%emt 0:00:02]} d6 {[%emt 0:00:03]} 6. c4 {[%emt 0:00:03]} Nf6 {[%emt 0:00:03]} 7. O-O {[%emt 0:00:08]} Be7 {[%emt 0:00:04]} 8. Nc3 {[%emt 0:00:03]} O-O {[%emt 0:00:07]} 9. Be3 {[%emt 0:00:39]} b6 {[%emt 0:00:35]} 10. f4 {[%emt 0:00:22]} Qc7 {[%emt 0:00:10]} 11. Rc1 {[%emt 0:00:24]} Bb7 {[%emt 0:00:10]} 12. f5 {[%emt 0:00:04]} e5 {[%emt 0:01:19]} 13. Nc2 {[%emt 0:00:31]} Nbd7 {[%emt 0:00:40]} 14. b4 {[%emt 0:00:16]} b5 {[%emt 0:02:11]} 15. Nd5 {[%emt 0:00:21]} Bxd5 {[%emt 0:01:07]} 16. cxd5 {[%emt 0:00:02]} Qd8 {[%emt 0:00:12]} 17. Na1 {[%emt 0:01:06]} Rc8 {[%emt 0:00:59]} 18. Nb3 {[%emt 0:00:29]} Rxc1 {[%emt 0:00:44]} 19. Bxc1 {[%emt 0:00:43]} Qb6+ {[%emt 0:01:23]} 20. Kh1 {[%emt 0:00:04]} Bd8 {[%emt 0:00:23]} 21. Qe2 {[%emt 0:01:54]} Qb8 {[%emt 0:01:13]} 22. Be3 {[%emt 0:00:25]} Bc7 {[%emt 0:00:41]} 23. g4 {[%emt 0:00:36]} h6 {[%emt 0:00:33]} 24. h4 {[%emt 0:00:03]} Nh7 {[%emt 0:01:19]} 25. g5 {[%emt 0:00:17]} hxg5 {[%emt 0:00:33]} 26. hxg5 {[%emt 0:00:02]} Bb6 {[%emt 0:00:08]} 27. Rg1 {[%emt 0:02:59]} Bxe3 {[%emt 0:01:42]} 28. Qxe3 {[%emt 0:00:01]} g6 {[%emt 0:00:10]} 29. f6 {[%emt 0:04:14]} Nhxf6 {[%emt 0:00:11]} 30. gxf6 {[%emt 0:00:01]} Nxf6 {[%emt 0:00:03]} 31. Qh6 {[%emt 0:00:25]} Qc7 {[%emt 0:02:08]} 32. Na5 {[%emt 0:01:04]} Qc3 {[%emt 0:00:31]} 33. Nc6 {[%emt 0:00:05]} Re8 {[%emt 0:00:02]} 34. Qe3 {[%emt 0:02:50]} Nh5 {[%emt 0:00:18]} 35. Rc1 {[%emt 0:00:11]} Qb2 {[%emt 0:00:11]} 36. Qh6 {[%emt 0:00:13]} Ng3+ {[%emt 0:00:38]} 37. Kg1 {[%emt 0:00:02]} Ne2+ {[%emt 0:00:01]} 38. Bxe2 {[%emt 0:00:04]} Qxe2 {[%emt 0:00:01]} 39. Ne7+ {[%emt 0:00:03]} 1-0

[Event "Kupreichik Memorial Open 2018"]
[Site "Minsk"]
[Date "2018.06.21"]
[Round "3"]
[White "Cherepov, Alexej"]
[Black "Andreikin, Dmitry"]
[Result "0-1"]
[WhiteElo "2234"]
[BlackElo "2733"]
[Annotator "TA"]
[PlyCount "48"]
[EventDate "2018.06.21"]
[EventCountry "BLR"]
[SourceTitle "playchess.com"]
[Source "ChessBase"]
[SourceQuality "1"]

{[%evp 19,48,31,21,0,0,-2,33,-19,-19,-37,-22,-59,-65,-42,-45,-55,-18,-97,-87,-126,-148,-154,-199,-260,-254,-315,-311,-409,-405,-395,-394]} 1. d4 d5 2. c4 c6 3. Nc3 Nf6 4. Nf3 a6 5. a4 e6 6. g3 dxc4 7. Bg2 c5 8. dxc5 Qxd1+ 9. Nxd1 Bxc5 {D15: Slav Defence: 4 Nc3 a6 and gambit lines after 4 Nc3 dxc4} (9... Bd7 10. Ne5 Nc6 11. Nxc6 {½-½ (11) Ivanchuk,V (2764)-Laznicka,V (2693) Havana 2012}) 10. Ne5 Nd5 {LiveBook: 16 Games} 11. O-O Nc6 {[%cal Bb8c6,Bc6d4,Bd4b3,Bb3c1,Bc1e2][%mdl 32] The position is equal.} 12. Nxc4 Bd7 13. b3 $146 (13. Nde3 $14) ({Predecessor:} 13. Nc3 Nxc3 14. bxc3 {½-½ (26) Olaizola Ortega,L (2206)-Alvarez Fernandez,E (2374) San Sebastian 2011}) 13... Nd4 $11 14. e4 Nxb3 15. Rb1 Nxc1 16. exd5 Ne2+ 17. Kh1 Rb8 18. a5 (18. Nb6 $11 {remains equal.}) 18... Bb5 $17 19. Nd2 Bd3 20. Rb3 Nc1 21. Rc3 (21. Rb2 {was worth a try.}) 21... Bb4 $19 22. Rxc1 Bxd2 23. Rc7 Bxf1 24. Bxf1 Bxa5 0-1

[Event "Kupreichik Memorial Open 2018"]
[Site "Minsk"]
[Date "2018.06.21"]
[Round "3"]
[White "Osmolny, Vladimir I"]
[Black "Meshkovs, Nikita"]
[Result "0-1"]
[WhiteElo "2163"]
[BlackElo "2572"]
[Annotator "TA"]
[PlyCount "50"]
[EventDate "2018.06.21"]
[EventCountry "BLR"]
[SourceTitle "playchess.com"]
[Source "ChessBase"]
[SourceQuality "1"]

{[%evp 16,50,40,14,95,56,54,-29,12,-32,-48,-76,-85,-99,-89,-114,-125,-166,-185,-756,-742,-726,-706,-877,-877,-897,-818,-849,-844,-744,-575,-931,-900,-1170,-1129,-2627,-1002]} 1. c4 Nf6 2. Nc3 e6 3. e4 d5 4. e5 d4 5. exf6 dxc3 6. bxc3 Qxf6 7. d4 Nc6 {A18: English Opening: Flohr-Mikenas System (1 c4 Nf6 2 Nc3 e6 3 e4)} (7... b6 8. h4 Bb7 9. Bg5 Qf5 10. Bd3 Qa5 11. Kf1 Nc6 12. Rb1 f6 13. Bd2 O-O-O 14. a4 e5 15. c5 Bxc5 16. Rb5 Qa6 17. Rh3 Bxd4 18. Be2 Rd6 19. Rb1 Qa5 20. Rb5 Qa6 21. Rb1 Qa5 22. Rb5 {½-½ (22) Aronian,L (2794)-Ding,L (2769) Berlin 2018}) 8. Nf3 e5 9. Be2 {LiveBook: 9 Games} e4 (9... exd4 $11 {remains equal.} 10. cxd4 Bb4+ 11. Bd2 Bxd2+ 12. Qxd2 O-O) 10. Nd2 $146 ({Predecessor:} 10. Ng5 Bf5 11. f3 exf3 12. Nxf3 Be7 13. Bg5 Qg6 14. Bxe7 Nxe7 15. O-O O-O 16. Qd2 {1-0 (51) Siewert,W (2468)-Grosso,R (2450) ICCF email 2001}) 10... Qg6 $1 {[%cal Rg6g2]} 11. Rg1 (11. g3 $14) 11... Bd6 12. Nf1 O-O 13. c5 Be7 14. Bf4 {[#]} b6 $1 $36 {[%mdl 2048] Black is on the roll.} 15. cxb6 axb6 16. Bxc7 Ra3 17. Qc1 $2 (17. Ne3 Rxc3 18. Nd5) 17... Rxc3 $19 {Black is clearly winning.} 18. Qxc3 Bb4 19. Qxb4 Nxb4 20. Rc1 Nxa2 21. Rc2 Nb4 22. Rc4 Nd5 23. Be5 Ba6 24. Rc2 e3 25. Ra2 Qb1+ {Precision: White = 17%, Black = 65%.} 0-1

[Event "Kupreichik Memorial Open 2018"]
[Site "Minsk"]
[Date "2018.06.21"]
[Round "3"]
[White "Katashuk, Uladzislau"]
[Black "Mialik, Uladzislau"]
[Result "1/2-1/2"]
[WhiteElo "2149"]
[BlackElo "1768"]
[Annotator "NA"]
[PlyCount "91"]
[EventDate "2018.06.21"]
[EventCountry "BLR"]
[SourceTitle "playchess.com"]
[Source "ChessBase"]
[SourceQuality "1"]
[TimeControl "900+10"]

1. e4 {[%emt 0:00:00]} d6 {[%emt 0:00:01]} 2. d4 {[%emt 0:00:00]} Nf6 {[%emt 0:00:01]} 3. Nc3 {[%emt 0:00:00]} g6 {[%emt 0:00:01]} 4. Bc4 {[%emt 0:00:08]} Bg7 {[%emt 0:00:02]} 5. Qe2 {[%emt 0:00:01]} O-O {[%emt 0:00:14]} 6. Nf3 {[%emt 0:00:14]} c6 {[%emt 0:02:57]} 7. e5 {[%emt 0:00:19]} dxe5 {[%emt 0:00:42]} 8. dxe5 {[%emt 0:00:02]} Nd5 {[%emt 0:00:11]} 9. Bd2 {[%emt 0:00:01]} Nxc3 {[%emt 0:01:56]} 10. Bxc3 {[%emt 0:00:05]} e6 {[%emt 0:00:04]} 11. Rd1 {[%emt 0:00:34]} Qc7 {[%emt 0:00:06]} 12. h4 {[%emt 0:00:40]} Nd7 {[%emt 0:00:28]} 13. h5 {[%emt 0:00:16]} b5 {[%emt 0:00:09]} 14. Bd3 {[%emt 0:02:16]} Bb7 {[%emt 0:00:45]} 15. hxg6 {[%emt 0:00:13]} hxg6 {[%emt 0:00:49]} 16. Kf1 {[%emt 0:06:44]} a6 {[%emt 0:01:24]} 17. Re1 {[%emt 0:00:11]} c5 {[%emt 0:00:53]} 18. Be4 {[%emt 0:00:33]} Rfd8 {[%emt 0:01:07]} 19. Bxb7 {[%emt 0:00:32]} Qxb7 {[%emt 0:00:02]} 20. b3 {[%emt 0:01:27]} Nb6 {[%emt 0:00:58]} 21. Ng5 {[%emt 0:00:50]} Rd7 {[%emt 0:00:34]} 22. Rh7 {[%emt 0:00:58]} b4 {[%emt 0:01:00]} 23. Bb2 {[%emt 0:01:14]} Rad8 {[%emt 0:00:06]} 24. Qg4 {[%emt 0:00:08]} Rd2 {[%emt 0:02:54]} 25. Qh3 {[%emt 0:01:13]} Rd1 {[%emt 0:01:10]} 26. Rxg7+ {[%emt 0:00:17]} Kxg7 {[%emt 0:00:01]} 27. Qh7+ {[%emt 0:00:01]} Kf8 {[%emt 0:00:02]} 28. Nxe6+ {[%emt 0:00:21]} Ke7 {[%emt 0:00:29]} 29. Nxd8 {[%emt 0:00:12]} Rxe1+ {[%emt 0:00:02]} 30. Kxe1 {[%emt 0:00:01]} Qe4+ {[%emt 0:00:11]} 31. Kd2 {[%emt 0:00:18]} Qf4+ {[%emt 0:00:09]} 32. Kd3 {[%emt 0:00:09]} Kxd8 {[%emt 0:00:05]} 33. Qh8+ {[%emt 0:00:03]} Kd7 {[%emt 0:00:07]} 34. Qf6 {[%emt 0:00:16]} c4+ {[%emt 0:00:14]} 35. bxc4 {[%emt 0:00:18]} Qxc4+ {[%emt 0:00:02]} 36. Kd2 {[%emt 0:00:01]} Qd5+ {[%emt 0:00:17]} 37. Ke2 {[%emt 0:00:14]} Nc4 {[%emt 0:00:01]} 38. e6+ {[%emt 0:00:06]} fxe6 {[%emt 0:00:11]} 39. Qd4 {[%emt 0:00:11]} Nxb2 {[%emt 0:00:21]} 40. Qxb2 {[%emt 0:00:02]} Qe4+ {[%emt 0:00:25]} 41. Kf1 {[%emt 0:00:01]} a5 {[%emt 0:00:07]} 42. f3 {[%emt 0:00:16]} Qc4+ {[%emt 0:00:09]} 43. Kf2 {[%emt 0:00:01]} Qc5+ {[%emt 0:00:04]} 44. Kg3 {[%emt 0:00:09]} Qg5+ {[%emt 0:00:02]} 45. Kh2 {[%emt 0:00:05]} Qh4+ {[%emt 0:00:04]} 46. Kg1 {[%emt 0:00:02]} 1/2-1/2

[Event "Kupreichik Memorial Open 2018"]
[Site "Minsk"]
[Date "2018.06.21"]
[Round "3"]
[White "Sirotkina, Nina"]
[Black "Kolosovskaya, Olga"]
[Result "1-0"]
[WhiteElo "2116"]
[BlackElo "1747"]
[Annotator "NA"]
[PlyCount "99"]
[EventDate "2018.06.21"]
[EventCountry "BLR"]
[SourceTitle "playchess.com"]
[Source "ChessBase"]
[SourceQuality "1"]
[TimeControl "900+10"]

1. d4 {[%emt 0:00:00]} d5 {[%emt 0:00:01]} 2. Bf4 {[%emt 0:00:00]} Nf6 {[%emt 0:00:01]} 3. e3 {[%emt 0:00:04]} e6 {[%emt 0:00:01]} 4. Nd2 {[%emt 0:00:50]} Bd6 {[%emt 0:00:10]} 5. Bg3 {[%emt 0:00:05]} O-O {[%emt 0:00:04]} 6. Bd3 {[%emt 0:00:11]} c5 {[%emt 0:00:02]} 7. c3 {[%emt 0:00:11]} Nc6 {[%emt 0:00:02]} 8. Ngf3 {[%emt 0:01:23]} b6 {[%emt 0:00:01]} 9. Ne5 {[%emt 0:00:40]} Bb7 {[%emt 0:00:33]} 10. O-O {[%emt 0:00:19]} Ne7 {[%emt 0:00:28]} 11. f4 {[%emt 0:01:20]} Nf5 {[%emt 0:00:06]} 12. Bf2 {[%emt 0:00:22]} Be7 {[%emt 0:00:02]} 13. Qe2 {[%emt 0:01:07]} Nd6 {[%emt 0:00:03]} 14. Bh4 {[%emt 0:00:30]} Nfe4 {[%emt 0:01:08]} 15. Bxe7 {[%emt 0:00:37]} Qxe7 {[%emt 0:00:01]} 16. Bxe4 {[%emt 0:01:00]} Nxe4 {[%emt 0:00:39]} 17. Nxe4 {[%emt 0:00:19]} dxe4 {[%emt 0:00:02]} 18. dxc5 {[%emt 0:00:05]} bxc5 {[%emt 0:02:41]} 19. Rfd1 {[%emt 0:00:16]} Rfd8 {[%emt 0:00:18]} 20. Rxd8+ {[%emt 0:02:05]} Rxd8 {[%emt 0:00:06]} 21. Rd1 {[%emt 0:00:04]} f6 {[%emt 0:02:56]} 22. Ng4 {[%emt 0:00:34]} Rd6 {[%emt 0:02:20]} 23. Nf2 {[%emt 0:00:32]} Qd7 {[%emt 0:00:29]} 24. c4 {[%emt 0:00:47]} f5 {[%emt 0:00:28]} 25. Rxd6 {[%emt 0:00:31]} Qxd6 {[%emt 0:00:01]} 26. Qd1 {[%emt 0:00:02]} Qxd1+ {[%emt 0:01:16]} 27. Nxd1 {[%emt 0:00:01]} Kf7 {[%emt 0:00:11]} 28. Nc3 {[%emt 0:00:17]} Ke7 {[%emt 0:00:40]} 29. Kf2 {[%emt 0:00:12]} Bc6 {[%emt 0:00:02]} 30. b3 {[%emt 0:00:32]} Kd6 {[%emt 0:01:45]} 31. g3 {[%emt 0:00:15]} e5 {[%emt 0:00:02]} 32. h4 {[%emt 0:00:29]} exf4 {[%emt 0:00:03]} 33. gxf4 {[%emt 0:00:11]} Ke6 {[%emt 0:01:03]} 34. Ke2 a6 {[%emt 0:00:03]} 35. Kf2 {[%emt 0:00:44]} g6 36. Kg3 {[%emt 0:00:35]} Kf6 {[%emt 0:02:14]} 37. Ne2 {[%emt 0:00:48]} h6 {[%emt 0:00:09]} 38. Nc3 {[%emt 0:00:11]} Kf7 {[%emt 0:00:27]} 39. h5 {[%emt 0:01:12]} g5 {[%emt 0:00:02]} 40. fxg5 {[%emt 0:00:42]} hxg5 {[%emt 0:00:01]} 41. Nd5 {[%emt 0:00:02]} Kg7 {[%emt 0:00:05]} 42. Nc7 {[%emt 0:00:20]} Kh6 {[%emt 0:00:00]} 43. Nxa6 {[%emt 0:00:07]} Kxh5 {[%emt 0:00:08]} 44. Nxc5 {[%emt 0:00:01]} Kg6 {[%emt 0:00:12]} 45. b4 {[%emt 0:00:08]} Kf6 {[%emt 0:00:02]} 46. b5 {[%emt 0:00:03]} Ba8 {[%emt 0:00:21]} 47. b6 {[%emt 0:00:15]} Ke5 {[%emt 0:00:04]} 48. b7 {[%emt 0:00:05]} Bxb7 {[%emt 0:00:15]} 49. Nxb7 {[%emt 0:00:02]} f4+ {[%emt 0:00:02]} 50. Kf2 {[%emt 0:00:25]} 1-0

[Event "Kupreichik Memorial Open 2018"]
[Site "Minsk"]
[Date "2018.06.21"]
[Round "3"]
[White "Fedotov, Konstantin"]
[Black "Notkin, Maksim"]
[Result "0-1"]
[WhiteElo "2090"]
[BlackElo "2455"]
[Annotator "TA"]
[PlyCount "62"]
[EventDate "2018.06.21"]
[EventCountry "BLR"]
[SourceTitle "playchess.com"]
[Source "ChessBase"]
[SourceQuality "1"]

{[%evp 15,62,22,27,-33,-27,-37,-36,-42,-45,-57,-37,-43,-39,-100,-90,-97,-99,-89,-97,-91,-101,-141,-124,-227,-156,-225,-216,-270,-264,-384,-378,-451,-441,-745,-739,-744,-476,-476,-477,-479,-453,-1147,-1125,-1091,-1081,-1170,-1142,-1209,-1190]} 1. e4 e5 2. Bc4 Nf6 3. d4 exd4 4. Nf3 Nc6 5. O-O d6 6. Nxd4 Be7 7. Nc3 O-O 8. h3 a6 {LiveBook: 6 Games} 9. f4 {C50: Hungarian Defence and Giuoco Pianissimo} (9. a4 $11) (9. Nxc6 bxc6 10. Be3 Rb8 11. Bb3 Be6 12. f4 a5 13. Qf3 c5 14. e5 Nd7 15. Bxe6 fxe6 16. Qg4 Rf5 {0-1 (41) Snape,I (2218)-Hebden,M (2548) Daventry 2013}) 9... Nxd4 $15 10. Qxd4 b5 {[%cal Bb7b5,Bb5b4][%mdl 32] [#] Threatens to win with ...c5.} 11. Be2 $146 {Black is slightly better.} ({Predecessor:} 11. Bd5 Nxd5 12. Nxd5 Bb7 13. b3 Bxd5 14. Qxd5 {0-1 (48) Slamena,M (1957)-Bahna,J (1978) Slovakia 2007}) 11... c5 12. Qe3 Bb7 13. Bf3 {Hoping for e5.} b4 14. Nd5 (14. Ne2 $15) 14... Nxd5 $17 15. exd5 Bf6 $36 {[%mdl 2048] Strongly threatening ...Bd4. Black has strong initiative.} 16. c3 Re8 17. Qd3 a5 18. Rd1 Ba6 19. c4 (19. Qc2 $17) 19... Ra7 {[%cal Ba8a7,Ba7e7,Be7e1][%mdl 32]} 20. Rb1 (20. a3 $17) 20... Bd4+ $19 21. Kh2 Qf6 22. b3 (22. a3 $142) 22... Rae7 23. Qf1 Bc8 {Black is clearly winning.} 24. g4 {[#]} (24. Bd2 $142 Bf5 25. Rbc1) 24... h5 $1 {[%mdl 512]} 25. Kg3 (25. gxh5 Qf5) 25... Qg6 26. Qd3 Qxd3 27. Rxd3 Re1 28. gxh5 (28. Rd1 $142 Rxd1 29. Bxd1) 28... Bf5 29. Rxd4 cxd4 30. Ra1 Rg1+ 31. Kf2 Ree1 {Precision: White = 22%, Black = 90%.} 0-1

[Event "Kupreichik Memorial Open 2018"]
[Site "Minsk"]
[Date "2018.06.21"]
[Round "3"]
[White "Kaliadzich, Maryia"]
[Black "Shvedau, Mikhail"]
[Result "1-0"]
[WhiteElo "2058"]
[BlackElo "1742"]
[Annotator "NA"]
[PlyCount "83"]
[EventDate "2018.06.21"]
[EventCountry "BLR"]
[SourceTitle "playchess.com"]
[Source "ChessBase"]
[SourceQuality "1"]
[TimeControl "900+10"]

1. d4 {[%emt 0:00:00]} f5 {[%emt 0:00:03]} 2. Nf3 {[%emt 0:00:00]} Nf6 {[%emt 0:00:02]} 3. g3 {[%emt 0:00:00]} e6 {[%emt 0:00:02]} 4. Bg2 {[%emt 0:00:03]} d5 {[%emt 0:00:03]} 5. O-O {[%emt 0:00:06]} Bd6 {[%emt 0:00:01]} 6. c4 {[%emt 0:00:05]} c6 {[%emt 0:00:01]} 7. b3 {[%emt 0:00:15]} Qe7 {[%emt 0:00:03]} 8. a4 {[%emt 0:00:31]} O-O {[%emt 0:00:08]} 9. Ba3 {[%emt 0:00:11]} Bxa3 {[%emt 0:00:08]} 10. Nxa3 {[%emt 0:00:02]} Bd7 {[%emt 0:00:14]} 11. e3 {[%emt 0:00:19]} Be8 {[%emt 0:00:04]} 12. Qc1 {[%emt 0:02:23]} Nbd7 {[%emt 0:00:12]} 13. Nc2 {[%emt 0:00:30]} Ne4 {[%emt 0:00:11]} 14. Qb2 {[%emt 0:00:19]} Ndf6 {[%emt 0:00:12]} 15. Nce1 {[%emt 0:00:17]} g5 {[%emt 0:00:38]} 16. Nd3 {[%emt 0:00:10]} g4 {[%emt 0:00:37]} 17. Nfe5 {[%emt 0:00:09]} Ng5 {[%emt 0:00:23]} 18. a5 {[%emt 0:00:34]} a6 {[%emt 0:00:07]} 19. Nf4 {[%emt 0:01:07]} Nh5 {[%emt 0:00:38]} 20. Nfd3 {[%emt 0:01:34]} Nf6 {[%emt 0:00:27]} 21. b4 {[%emt 0:00:37]} h5 {[%emt 0:00:44]} 22. Rac1 {[%emt 0:00:25]} Qh7 {[%emt 0:00:22]} 23. Nf4 {[%emt 0:00:15]} Kg7 {[%emt 0:00:45]} 24. b5 {[%emt 0:01:10]} h4 {[%emt 0:02:59]} 25. bxa6 {[%emt 0:00:41]} hxg3 {[%emt 0:00:31]} 26. fxg3 {[%emt 0:00:12]} Rh8 {[%emt 0:00:26]} 27. Bh1 {[%emt 0:02:10]} Bf7 {[%emt 0:01:48]} 28. axb7 {[%emt 0:00:14]} Rab8 {[%emt 0:00:16]} 29. a6 {[%emt 0:00:12]} Nfe4 {[%emt 0:00:11]} 30. Bxe4 {[%emt 0:00:33]} Nxe4 {[%emt 0:00:53]} 31. Qg2 {[%emt 0:00:34]} Ng5 {[%emt 0:00:09]} 32. cxd5 {[%emt 0:00:19]} exd5 {[%emt 0:01:01]} 33. Rxc6 {[%emt 0:00:20]} Rbe8 {[%emt 0:00:30]} 34. a7 {[%emt 0:00:51]} Rxe5 {[%emt 0:01:33]} 35. dxe5 {[%emt 0:00:06]} Nf3+ {[%emt 0:00:00]} 36. Rxf3 {[%emt 0:00:20]} gxf3 {[%emt 0:00:02]} 37. Qf2 {[%emt 0:00:15]} d4 {[%emt 0:00:09]} 38. b8=Q {[%emt 0:00:29]} dxe3 {[%emt 0:00:06]} 39. Qxh8+ {[%emt 0:00:09]} Qxh8 {[%emt 0:00:09]} 40. Qxe3 {[%emt 0:00:16]} Qa8 {[%emt 0:00:02]} 41. Rc7 {[%emt 0:00:13]} Qd8 {[%emt 0:00:06]} 42. Ne6+ 1-0